000 00370pab a2200157 454500
008 180718b2003 xxu||||| |||| 00| 0 eng d
245 _aGROWTH vs inflation control
260 _c2003
300 _ap.2006-012.
362 _a24 May
650 _aBanks
650 _aInterest rates
650 _aInflation
773 _aEconomic and Political Weekly
909 _a56489
999 _c56489
_d56489